000 00522nam a2200181Ia 4500
005 20250508152511.0
008 008 250505s9999 xx 000 0 eng d
037 _aTextual
040 _aFEDL
_beng
_cFEDL
041 _aeng
_2eng
084 _a910.7, PEL
_qFEDL
100 _aPells E G
_9759127
245 0 _aTeaching of geography and social studies in schools: A study in methods
260 _aWynberg
_bThe Rustica Press
300 _a86p.
942 _cTEXL
_h910.7, PEL
999 _c1336826
_d1336826